| 000 | 00895nam a2200265 a 4500 | ||
|---|---|---|---|
| 001 | 50619 | ||
| 003 | BD-RjUL | ||
| 005 | 20211209075534.0 | ||
| 008 | 160828s1959 be b 10010 fre | ||
| 035 | _a(BD-RjUL)50739 | ||
| 040 |
_aDLC/ICU _cICU _beng _dBD-RjUL |
||
| 041 | 0 | _afreeng | |
| 082 |
_223 _a516.7 _bCOL 1959 |
||
| 110 |
_aCentre belge de recherches mathématiques. _9151572 |
||
| 245 | 1 | 0 |
_aColloque de géométrie différentielle globale : _btenu à Bruxelles du 19 au 22 décembre 1958. / |
| 260 | 0 |
_aLouvain : _bLibrairie universitaire, _c1959. |
|
| 300 |
_a181 p. ; _c25 cm. |
||
| 500 | _aOrganized by the Centre belge de recherches mathématiques. | ||
| 500 | _aFrench or English. | ||
| 504 | _aIncludes bibliographies. | ||
| 650 | 0 |
_aGeometry, Differential _vCongresses. _9151570 |
|
| 650 | 0 |
_aSphere _xCongresses. _9151571 |
|
| 942 |
_2ddc _cBK |
||
| 999 |
_c50619 _d50619 |
||